[Event "2. Bundesliga West 2010/11"]
[Site "Salzburg"]
[Date "2010.10.15"]
[Round "1"]
[Board "2"]
[White "Hecht, Hans-Joachim"]
[Black "Konnyu, Janos"]
[Result "1-0"]
[WhiteElo "2374"]
[BlackElo "2353"]
[PlyCount "137"]
[EventDate "2010.10.15"]
[EventType "team"]
[EventRounds "11"]
[EventCountry "AUT"]
[WhiteTeam "Schwarzach"]
[BlackTeam "ATSV Ranshofen"]

1.d4 Nf6 2.c4 g6 3.Nc3 Bg7 4.e4 d6 5.Nf3 O-O 6.Be2 e5 7.O-O Nc6 8.d5 Ne7 9.Ne1
Nd7 10.Nd3 f5 11.Bd2 Nf6 12.f3 c6 13.Rc1 Kh8 14.Kh1 Bd7 15.c5 Qb8 16.cxd6 Qxd6
17.f4 Nxe4 18.fxe5 Qb8 19.Nxe4 fxe4 20.Nc5 Rxf1+ 21.Bxf1 Bf5 22.d6 Nd5 23.g4
Bxe5 24.gxf5 gxf5 25.Nd7 Qxd6 26.Nxe5 Qxe5 27.Qb3 Qd4 28.Rd1 Rg8 29.Bc4 Qg7
30.Bc3 Nxc3 31.Qxc3 Re8 32.Rd7 Qxc3 33.bxc3 b5 34.Bf1 f4 35.Kg2 Kg8 36.Kf2 a5
37.Rd6 e3+ 38.Ke2 b4 39.Rxc6 Kg7 40.cxb4 axb4 41.Kf3 b3 42.Rc7+ Kh6 43.axb3 e2
44.Bxe2 Re3+ 45.Kf2 Rxb3 46.Rd7 Ra3 47.Bd3 Kg5 48.Bxh7 Ra2+ 49.Kg1 f3 50.Rd5+
Kf4 51.Rd4+ Kg5 52.Rd5+ Kf4 53.Rd4+ Kg5 54.h4+ Kh5 55.Bf5 Rb2 56.Bd7 Rg2+ 57.Kf1
Kh6 58.Bg4 Rb2 59.Rd6+ Kg7 60.Bxf3 Rh2 61.h5 Rb2 62.Bg2 Rb8 63.Kf2 Rc8 64.Kg3
Rb8 65.Kf4 Kh8 66.Bd5 Re8 67.Be6 Rb8 68.Kg5 Kg7 69.Rd7+ 1-0

[Event "2. Bundesliga West 2010/11"]
[Site "Salzburg"]
[Date "2010.10.15"]
[Round "1"]
[Board "3"]
[White "Dovzik, Juri"]
[Black "Hrvacic, Pavle"]
[Result "1/2-1/2"]
[WhiteElo "2381"]
[BlackElo "2266"]
[PlyCount "101"]
[EventDate "2010.10.15"]
[EventType "team"]
[EventRounds "11"]
[EventCountry "AUT"]
[WhiteTeam "ATSV Ranshofen"]
[BlackTeam "Schwarzach"]

1.d4 g6 2.e4 Bg7 3.Nc3 d5 4.exd5 Nf6 5.Bc4 Nbd7 6.Qf3 Nb6 7.Bb3 Bg4 8.Qg3 Bf5
9.Nf3 Nbxd5 10.Nxd5 Nxd5 11.O-O O-O 12.Re1 Nf6 13.c3 a5 14.a4 c6 15.Qh4 Qb6
16.Bc4 Rad8 17.h3 Bc2 18.b3 Nd5 19.Ba3 Bf6 20.Ng5 h5 21.Bc5 Qc7 22.Rac1 Bf5
23.Bxd5 cxd5 24.Re3 Kg7 25.Rce1 Rh8 26.f4 Bc2 27.Qf2 Bxb3 28.h4 Qd7 29.f5 Qxf5
30.Qb2 Qc2 31.Qxc2 Bxc2 32.Bxe7 Bxa4 33.Bxf6+ Kxf6 34.Rf1+ Kg7 35.Rxf7+ Kg8
36.Ref3 Bc6 37.Ne6 Rh6 38.Rf8+ Rxf8 39.Rxf8+ Kh7 40.Rf7+ Kh8 41.Rf8+ Kh7 42.Rf7+
Kh8 43.Kf2 g5 44.Nxg5 Kg8 45.Ke3 Rg6 46.Rc7 Rf6 47.Nh3 Rg6 48.Nf4 Rg3+ 49.Kd2
Rg4 50.Ke3 Rg3+ 51.Kd2 1/2-1/2

[Event "2. Bundesliga West 2010/11"]
[Site "Salzburg"]
[Date "2010.10.15"]
[Round "1"]
[Board "4"]
[White "Ljubic, Juro"]
[Black "Sadilek, Peter"]
[Result "1/2-1/2"]
[WhiteElo "2186"]
[BlackElo "2213"]
[PlyCount "31"]
[EventDate "2010.10.15"]
[EventType "team"]
[EventRounds "11"]
[EventCountry "AUT"]
[WhiteTeam "Schwarzach"]
[BlackTeam "ATSV Ranshofen"]

1.e4 e5 2.Nf3 d6 3.d4 exd4 4.Nxd4 Nf6 5.Nc3 Be7 6.Be2 O-O 7.O-O Re8 8.f4 Bf8
9.Bf3 c6 10.Kh1 Na6 11.Re1 Nc5 12.Nb3 d5 13.Nxc5 Bxc5 14.e5 Nd7 15.a3 a5 16.b3 1/2-1/2

[Event "2. Bundesliga West 2010/11"]
[Site "Salzburg"]
[Date "2010.10.15"]
[Round "1"]
[Board "6"]
[White "Pichler, Andreas"]
[Black "Riediger, Martin"]
[Result "0-1"]
[WhiteElo "1985"]
[BlackElo "2252"]
[PlyCount "86"]
[EventDate "2010.10.15"]
[EventType "team"]
[EventRounds "11"]
[EventCountry "AUT"]
[WhiteTeam "Schwarzach"]
[BlackTeam "ATSV Ranshofen"]

1.e4 c5 2.Nf3 e6 3.d4 cxd4 4.Nxd4 a6 5.Bc4 Nf6 6.Nc3 b5 7.Bd3 Bb7 8.a3 Qb6 9.Nb3
Qc7 10.Qe2 d6 11.Be3 Nbd7 12.O-O Be7 13.f4 e5 14.Kh1 O-O 15.Rf3 g6 16.f5 Rfe8
17.Rg3 Bf8 18.Nd2 Bg7 19.Rf1 Rac8 20.fxg6 fxg6 21.Bg5 Rf8 22.Rgf3 Qb6 23.Bxf6
Nxf6 24.Rh3 Nh5 25.Rhf3 Nf4 26.Qe1 Qc5 27.Qh4 Qc7 28.g3 Ne6 29.Nd5 Bxd5 30.exd5
Nc5 31.Be2 Qb7 32.Rxf8+ Rxf8 33.Rxf8+ Bxf8 34.Bf3 Qf7 35.Kg2 Be7 36.Qg4 Qf5
37.Qxf5 gxf5 38.c3 Na4 39.c4 Bg5 40.Nb3 bxc4 41.Na5 Nxb2 42.Be2 c3 43.Nb3 c2 0-1

[Event "2. Bundesliga West 2010/11"]
[Site "Salzburg"]
[Date "2010.10.15"]
[Round "1"]
[Board "1"]
[White "Koepke, Christian"]
[Black "Schmidt, Georg"]
[Result "1/2-1/2"]
[WhiteElo "2381"]
[BlackElo "2362"]
[PlyCount "61"]
[EventDate "2010.10.15"]
[EventType "team"]
[EventRounds "11"]
[EventCountry "AUT"]
[WhiteTeam "Hypo Kufstein"]
[BlackTeam "Mozart 1910"]

1.e4 e5 2.Nf3 Nf6 3.Nxe5 d6 4.Nf3 Nxe4 5.Bd3 Nc5 6.Be2 d5 7.O-O d4 8.Bc4 Be7
9.Re1 O-O 10.d3 Nc6 11.a3 Bf6 12.Bf4 Be6 13.Nbd2 Re8 14.Bxe6 Nxe6 15.Bg3 Qd5
16.Nc4 h5 17.h3 Re7 18.Qd2 Rae8 19.Nce5 Ng5 20.Nxg5 Bxe5 21.Bxe5 Nxe5 22.Ne4 f5
23.Ng5 g6 24.Kf1 Nf7 25.Nxf7 Rxe1+ 26.Rxe1 Rxe1+ 27.Qxe1 Kxf7 28.Qd2 Qd6 29.Ke1
b6 30.Qh6 Qe5+ 31.Kf1 1/2-1/2

[Event "2. Bundesliga West 2010/11"]
[Site "Salzburg"]
[Date "2010.10.15"]
[Round "1"]
[Board "2"]
[White "Panteleev, Petar"]
[Black "Levushkina,  Elena"]
[Result "1-0"]
[WhiteElo "2329"]
[BlackElo "2345"]
[PlyCount "105"]
[EventDate "2010.10.15"]
[EventType "team"]
[EventRounds "11"]
[EventCountry "AUT"]
[WhiteTeam "Mozart 1910"]
[BlackTeam "Hypo Kufstein"]

1.d4 d5 2.Nf3 Nf6 3.c4 dxc4 4.e3 e6 5.Bxc4 c5 6.O-O a6 7.dxc5 Bxc5 8.Qxd8+ Kxd8
9.Ne5 Ke7 10.Be2 Bd7 11.Bf3 Nc6 12.Nd3 Bd6 13.Nd2 e5 14.b3 Rhd8 15.Bb2 Bf5 16.e4
Be6 17.Rfc1 Bb8 18.Be2 Ba7 19.Kf1 Ke8 20.Ke1 Nd7 21.Nc4 Bxc4 22.Rxc4 Bd4 23.Bxd4
exd4 24.f4 f6 25.Kd2 Ke7 26.Rac1 g5 27.Bg4 Nb6 28.Rc5 h6 29.e5 Nd5 30.exf6+ Nxf6
31.Re1+ Kf7 32.Be6+ Kg6 33.Ne5+ Nxe5 34.fxe5 Nh5 35.Rc7 Rf8 36.Bc4 Rf2+ 37.Re2
Rxe2+ 38.Bxe2 Nf4 39.Rxb7 Kf5 40.Bf3 Re8 41.g3 Ne6 42.b4 Kxe5 43.Be2 Ra8 44.Bc4
Nd8 45.Rb6 Rc8 46.Kd3 Nc6 47.Bxa6 Rc7 48.a3 h5 49.Rb7 Rxb7 50.Bxb7 Nd8 51.Bg2
Ne6 52.a4 Kd6 53.a5 1-0

[Event "2. Bundesliga West 2010/11"]
[Site "Salzburg"]
[Date "2010.10.15"]
[Round "1"]
[Board "4"]
[White "Opl, Klaus"]
[Black "Rusche, Johannes"]
[Result "0-1"]
[WhiteElo "2360"]
[BlackElo "2234"]
[PlyCount "122"]
[EventDate "2010.10.15"]
[EventType "team"]
[EventRounds "11"]
[EventCountry "AUT"]
[WhiteTeam "Mozart 1910"]
[BlackTeam "Hypo Kufstein"]

1.d4 Nf6 2.c4 c5 3.d5 b5 4.cxb5 a6 5.bxa6 g6 6.Nc3 Bxa6 7.Nf3 d6 8.Nd2 Nbd7 9.e4
Qa5 10.Be2 Bg7 11.O-O O-O 12.a4 Rfb8 13.Ra3 Rb4 14.Bb5 Ne5 15.Qe2 Qb6 16.Ndb1
Nc4 17.Ra2 Na5 18.Na3 Nb3 19.Nc4 Qb7 20.Ra3 Bxb5 21.axb5 Nd7 22.Bf4 Nd4 23.Qd3
Rxa3 24.bxa3 Rb3 25.Bd2 Qa7 26.Rb1 Ne5 27.Nxe5 Bxe5 28.a4 Rb4 29.Be1 c4 30.Qd1
Rxb1 31.Qxb1 Nb3 32.Kf1 Bxc3 33.Bxc3 Qxa4 34.Qb2 Qxb5 35.Qa3 f6 36.Qa8+ Kg7
37.Qc6 Nd4 38.Qxb5 Nxb5 39.Bb4 f5 40.e5 dxe5 41.Bxe7 Kf7 42.Bb4 Ke8 43.Ke2 Nc7
44.Bd6 Nxd5 45.Bxe5 Kd7 46.Kd2 Ke6 47.Bd4 g5 48.f3 h5 49.g3 g4 50.Ke2 Kd6
51.fxg4 fxg4 52.Kd2 Ke6 53.Ke2 Kf5 54.Bh8 Ke4 55.Bg7 Ne3 56.Bc3 Nf5 57.Bb4 Nd4+
58.Kf2 Kd3 59.h4 Ne2 60.Ba5 c3 61.Bxc3 Nxc3 0-1

[Event "2. Bundesliga West 2010/11"]
[Site "Salzburg"]
[Date "2010.10.15"]
[Round "1"]
[Board "5"]
[White "Maurer, Jochen"]
[Black "Azad, Razik"]
[Result "1-0"]
[WhiteElo "2215"]
[BlackElo "2138"]
[PlyCount "85"]
[EventDate "2010.10.15"]
[EventType "team"]
[EventRounds "11"]
[EventCountry "AUT"]
[WhiteTeam "Hypo Kufstein"]
[BlackTeam "Mozart 1910"]

1.e4 c5 2.Nf3 d6 3.Bb5+ Bd7 4.Bxd7+ Qxd7 5.O-O Nf6 6.Qe2 Nc6 7.c3 e6 8.d4 cxd4
9.cxd4 d5 10.e5 Ne4 11.Nbd2 Nxd2 12.Bxd2 Be7 13.Rac1 O-O 14.Rc3 Rac8 15.Rd3 Rc7
16.a3 Rfc8 17.h4 Nb8 18.Ng5 Qb5 19.Nxf7 Qxb2 20.Nd6 Rf8 21.Qe3 Rc2 22.Qh3 Bxd6
23.Qxe6+ Kh8 24.Qxd6 Rg8 25.Be3 Qb5 26.Rdd1 Rc6 27.Qe7 Rg6 28.h5 Rg4 29.f3 Nc6
30.Qe6 Rh4 31.Qf5 Qc4 32.Qg5 Nxd4 33.Bxd4 Rxd4 34.Rc1 Qa6 35.Qe3 Rd3 36.Qe2 Qxa3
37.f4 Re3 38.Qg4 Rg3 39.Qe6 Qa2 40.Rf2 Qa3 41.Rc8 Rf8 42.Rxf8+ Qxf8 43.Rc2 1-0

[Event "2. Bundesliga West 2010/11"]
[Site "Salzburg"]
[Date "2010.10.15"]
[Round "1"]
[Board "6"]
[White "Buchner, Martin"]
[Black "Kranewitter, Norbert"]
[Result "1/2-1/2"]
[WhiteElo "2056"]
[BlackElo "2092"]
[PlyCount "60"]
[EventDate "2010.10.15"]
[EventType "team"]
[EventRounds "11"]
[EventCountry "AUT"]
[WhiteTeam "Mozart 1910"]
[BlackTeam "Hypo Kufstein"]

1.e4 c6 2.c4 d5 3.exd5 cxd5 4.cxd5 Nf6 5.Nc3 Nxd5 6.Nf3 Nc6 7.d4 Bg4 8.Bc4 e6
9.O-O Be7 10.Be3 O-O 11.a3 Bf6 12.Ne4 Bxf3 13.Qxf3 Bxd4 14.Rad1 Bxe3 15.Bxd5
exd5 16.Rxd5 Qb6 17.fxe3 Rae8 18.b4 Ne5 19.Qg3 Ng6 20.Nc5 Qc6 21.Rfd1 Re7 22.Kf2
Rfe8 23.Rd6 Qc7 24.Rd7 Qxg3+ 25.hxg3 Rxe3 26.Rxb7 Rxa3 27.Rdd7 Ra2+ 28.Kf1 Ra1+
29.Kf2 Ra2+ 30.Kf1 Ra1+ 1/2-1/2

[Event "2. Bundesliga West 2010/11"]
[Site "Jenbach"]
[Date "2010.10.16"]
[Round "2"]
[Board "1"]
[White "Bertagnolli, Alexander"]
[Black "Bayer, Bernhard"]
[Result "0-1"]
[WhiteElo "2395"]
[BlackElo "2393"]
[PlyCount "102"]
[EventDate "2010.10.15"]
[EventType "team"]
[EventRounds "11"]
[EventCountry "AUT"]
[WhiteTeam "Rochade Rum"]
[BlackTeam "Schwaz"]

1.e4 c6 2.d3 d5 3.Nd2 g6 4.g3 Bg7 5.Bg2 e5 6.Ngf3 Ne7 7.O-O O-O 8.c3 Nd7 9.d4
exd4 10.Nxd4 Ne5 11.N2b3 Re8 12.f4 Nd7 13.f5 dxe4 14.Bxe4 Nf6 15.fxg6 fxg6
16.Bg2 Ned5 17.Bg5 Ne3 18.Bxe3 Rxe3 19.Nc2 Rd3 20.Qe2 Bg4 21.Qf2 Rd6 22.Ncd4 Qb6
23.h3 Bd7 24.Rad1 Rf8 25.Qe2 Re8 26.Qc4+ Be6 27.Qc5 Qxc5 28.Nxc5 Bc8 29.Rfe1
Rxe1+ 30.Rxe1 Kf7 31.Nf3 Bf8 32.Ng5+ Kg8 33.Bf1 Rd2 34.Bc4+ Kh8 35.Nce6 Bxe6
36.Nxe6 Bd6 37.Re2 Rxe2 38.Bxe2 Bxg3 39.Nd8 Bc7 40.Nxb7 Nd5 41.Bf3 Nf4 42.Bxc6
Nxh3+ 43.Kf1 Nf4 44.a4 h5 45.a5 g5 46.b4 g4 47.b5 h4 48.Bd7 g3 49.b6 axb6 50.a6
g2+ 51.Kg1 b5 0-1

[Event "2. Bundesliga West 2010/11"]
[Site "Jenbach"]
[Date "2010.10.16"]
[Round "2"]
[Board "2"]
[White "Wohl, Alexander"]
[Black "Gatterer, Florian"]
[Result "1-0"]
[WhiteElo "2387"]
[BlackElo "2306"]
[PlyCount "65"]
[EventDate "2010.10.15"]
[EventType "team"]
[EventRounds "11"]
[EventCountry "AUT"]
[WhiteTeam "Schwaz"]
[BlackTeam "Rochade Rum"]

1.e4 c6 2.c4 d5 3.cxd5 cxd5 4.exd5 Nf6 5.Nc3 Nxd5 6.Nf3 Nc6 7.Bb5 e6 8.O-O Be7
9.d4 O-O 10.Re1 Bd7 11.a3 Nxc3 12.bxc3 Rc8 13.Bd3 Bf6 14.Bf4 Na5 15.Rc1 Nc4
16.Qe2 b5 17.a4 a6 18.axb5 axb5 19.Ne5 Bxe5 20.dxe5 Bc6 21.Rcd1 Qh4 22.Bg3 Qh6
23.Bxc4 bxc4 24.Rd4 Bd5 25.Rg4 Kh8 26.Bf4 Qh5 27.h3 Qf5 28.Qe3 Qd3 29.Qc1 Rb8
30.Rd1 Qf5 31.Rg5 Rb1 32.Rxf5 Rxc1 33.Bxc1 1-0

[Event "2. Bundesliga West 2010/11"]
[Site "Jenbach"]
[Date "2010.10.16"]
[Round "2"]
[Board "3"]
[White "Eybl, Alexander"]
[Black "Fuchs, Georg"]
[Result "1/2-1/2"]
[WhiteElo "2278"]
[BlackElo "2292"]
[PlyCount "100"]
[EventDate "2010.10.15"]
[EventType "team"]
[EventRounds "11"]
[EventCountry "AUT"]
[WhiteTeam "Rochade Rum"]
[BlackTeam "Schwaz"]

1.Nf3 d5 2.g3 Nf6 3.Bg2 c5 4.O-O Nc6 5.d4 e6 6.c4 Be7 7.Nc3 O-O 8.cxd5 exd5
9.Bg5 c4 10.Ne5 Be6 11.Nxc6 bxc6 12.b3 h6 13.Bxf6 Bxf6 14.bxc4 dxc4 15.e3 Qa5
16.Rc1 Rac8 17.Qa4 Qc7 18.Rb1 Rfd8 19.Rfe1 Qd7 20.Qa6 Rc7 21.Qa5 Be7 22.Rb2 Rb7
23.Rxb7 Qxb7 24.Rb1 Qd7 25.Qa6 Rc8 26.Rb7 Rc7 27.Rxc7 Qxc7 28.Bxc6 Bb4 29.d5 Bh3
30.Qxc4 Qe7 31.Ne2 Qf6 32.Nd4 a5 33.d6 Bxd6 34.Bg2 Bd7 35.h4 g6 36.Qd5 a4
37.Qa8+ Kg7 38.Bc6 Bxc6 39.Qxc6 a3 40.h5 Qe5 41.hxg6 fxg6 42.Qb7+ Kf6 43.Qh7 Qe4
44.Qxh6 Qb1+ 45.Kg2 Qxa2 46.Qh8+ Kf7 47.Qh7+ Kf6 48.Qh8+ Kf7 49.Qh7+ Kf6 50.Qh8+
Kf7 1/2-1/2

[Event "2. Bundesliga West 2010/11"]
[Site "Jenbach"]
[Date "2010.10.16"]
[Round "2"]
[Board "4"]
[White "Gruber, Michael"]
[Black "Hengl, Christian"]
[Result "0-1"]
[WhiteElo "2133"]
[BlackElo "2193"]
[PlyCount "76"]
[EventDate "2010.10.15"]
[EventType "team"]
[EventRounds "11"]
[EventCountry "AUT"]
[WhiteTeam "Schwaz"]
[BlackTeam "Rochade Rum"]

1.e4 e6 2.d4 d5 3.Nd2 Nf6 4.Bd3 c5 5.e5 Nfd7 6.c3 Nc6 7.Ndf3 Qa5 8.Bd2 Qb6 9.Ne2
Qxb2 10.O-O c4 11.Bc2 Qa3 12.Ng5 h6 13.Nxf7 Kxf7 14.Nf4 Kg8 15.Ng6 Be7 16.Nxh8
Kxh8 17.Qh5 Nf8 18.g4 Bd7 19.g5 Qb2 20.Rac1 Nxd4 21.gxh6 g6 22.Qd1 Nxc2 23.Rxc2
Qa3 24.Qg4 Nh7 25.h4 Rg8 26.Kh2 Qa5 27.Rg1 Qd8 28.Bg5 Nxg5 29.hxg5 Kh7 30.f4 Rf8
31.Qg3 Rf5 32.Rgg2 Bc5 33.Kh3 Bc6 34.Rge2 b5 35.Kg4 a5 36.Re1 b4 37.Rb1 d4
38.cxd4 Qxd4 0-1

[Event "2. Bundesliga West 2010/11"]
[Site "Jenbach"]
[Date "2010.10.16"]
[Round "2"]
[Board "5"]
[White "Jedinger, Andreas"]
[Black "Kondrak, Christof"]
[Result "0-1"]
[WhiteElo "2177"]
[BlackElo "2147"]
[PlyCount "86"]
[EventDate "2010.10.15"]
[EventType "team"]
[EventRounds "11"]
[EventCountry "AUT"]
[WhiteTeam "Rochade Rum"]
[BlackTeam "Schwaz"]

1.e4 g6 2.d4 Bg7 3.Nc3 b6 4.f4 Bb7 5.Nf3 e6 6.Bd3 a6 7.O-O c5 8.dxc5 bxc5 9.e5
d5 10.exd6 Qxd6 11.Ne4 Qc7 12.Ne5 Nh6 13.Nc4 O-O 14.Bd2 Nf5 15.g4 Bd4+ 16.Rf2
Nh4 17.g5 Nd7 18.Qg4 Nf5 19.Re1 Kg7 20.Bc3 h5 21.gxh6+ Nxh6 22.Qg5 f6 23.Bxd4
cxd4 24.Qa5 Qxa5 25.Nxa5 Bd5 26.Nc4 Ng4 27.Rfe2 Rh8 28.Ncd2 Rh6 29.Nf1 e5 30.Nf2
Rh4 31.Nxg4 Rxg4+ 32.Ng3 Rxf4 33.Be4 Nb6 34.Rg2 Bxe4 35.Nxe4 Nc4 36.Nc5 Kf7
37.Rg3 Rc8 38.Ne4 Rc6 39.Rb3 Ne3 40.Rb7+ Ke6 41.Ng3 Rxc2 42.Rb6+ Kd5 43.Ne2 Rxe2
0-1

[Event "2. Bundesliga West 2010/11"]
[Site "Jenbach"]
[Date "2010.10.16"]
[Round "2"]
[Board "6"]
[White "Koell, Hannes"]
[Black "Paltrinieri , Nicholas "]
[Result "0-1"]
[WhiteElo "2082"]
[BlackElo "2045"]
[PlyCount "122"]
[EventDate "2010.10.15"]
[EventType "team"]
[EventRounds "11"]
[EventCountry "AUT"]
[WhiteTeam "Schwaz"]
[BlackTeam "Rochade Rum"]

1.d4 e6 2.c4 f5 3.g3 Nf6 4.Bg2 Be7 5.Nc3 O-O 6.Nh3 d6 7.Nf4 c6 8.O-O e5 9.dxe5
dxe5 10.Qxd8 Bxd8 11.Nd3 Bc7 12.e4 fxe4 13.Nxe4 Bf5 14.Re1 Rd8 15.Ndc5 Nxe4
16.Bxe4 Bxe4 17.Nxe4 Ba5 18.Re2 Rd1+ 19.Kg2 Nd7 20.b3 Re8 21.Bb2 Rxa1 22.Bxa1
Bc7 23.c5 h6 24.Rd2 Re7 25.b4 Kf7 26.Kf3 Ke6 27.Nd6 b6 28.Ne4 Nf6 29.cxb6 axb6
30.Rc2 Kd5 31.Nxf6+ gxf6 32.Kg4 Bd6 33.Kf5 Bxb4 34.Kxf6 Re6+ 35.Kf5 Re8 36.Re2
e4 37.Bg7 h5 38.Kg6 Kc4 39.Rc2+ Kd3 40.Rxc6 Bc5 41.Rf6 Ra8 42.Kxh5 Rxa2 43.g4
Bxf2 44.Rd6+ Kc4 45.Bh6 b5 46.Rc6+ Kd5 47.Rc8 b4 48.Rb8 Bc5 49.h4 Ra6 50.Bf4 e3
51.g5 e2 52.Bd2 Ra2 53.Be1 Ra1 54.Bd2 Rd1 55.Rd8+ Kc4 56.g6 Rxd2 57.Rxd2 e1=Q
58.Rg2 Qe5+ 59.Kh6 Qh8+ 60.Kg5 Be7+ 61.Kf5 Qf6+ 0-1

[Event "2. Bundesliga West 2010/11"]
[Site "Jenbach"]
[Date "2010.10.16"]
[Round "2"]
[Board "1"]
[White "Dizdar, Goran"]
[Black "Deglmann, Ludwig"]
[Result "0-1"]
[WhiteElo "2555"]
[BlackElo "2402"]
[PlyCount "78"]
[EventDate "2010.10.15"]
[EventType "team"]
[EventRounds "11"]
[EventCountry "AUT"]
[WhiteTeam "SC Absam"]
[BlackTeam "Sparkasse Jenbach 2"]

1.d4 f5 2.Nc3 Nf6 3.Bg5 d5 4.f3 Nc6 5.Qd2 e6 6.O-O-O Bb4 7.Nh3 O-O 8.Nf4 Qe8
9.e3 Bd7 10.g4 fxg4 11.Bxf6 Rxf6 12.fxg4 Bd6 13.Nb5 Qf8 14.Nxd6 Qxd6 15.g5 Rff8
16.Bg2 Ne7 17.h4 Rac8 18.Nd3 Bb5 19.Ne5 c5 20.h5 Nc6 21.Nxc6 bxc6 22.h6 g6
23.dxc5 Qxc5 24.Qd4 Qe7 25.Kb1 Rcd8 26.Rhg1 e5 27.Qc3 Qd6 28.b3 Rf7 29.Qa5 Rb8
30.Rd2 d4 31.exd4 exd4 32.Re1 c5 33.Bh3 Re7 34.Rf2 c4 35.Rf6 c3 36.Be6+ Kh8
37.Qxb5 Rbe8 38.Qf1 Rg8 39.Bxg8 Qa3 0-1

[Event "2. Bundesliga West 2010/11"]
[Site "Jenbach"]
[Date "2010.10.16"]
[Round "2"]
[Board "2"]
[White "Reich, Thomas"]
[Black "Schmittdiel, Eckhard"]
[Result "1-0"]
[WhiteElo "2350"]
[BlackElo "2485"]
[PlyCount "113"]
[EventDate "2010.10.15"]
[EventType "team"]
[EventRounds "11"]
[EventCountry "AUT"]
[WhiteTeam "Sparkasse Jenbach 2"]
[BlackTeam "SC Absam"]

1.d4 Nf6 2.Bf4 d6 3.e3 Nc6 4.h3 Bf5 5.Nf3 h6 6.Bd3 Qd7 7.Nc3 Bxd3 8.Qxd3 e6 9.a3
O-O-O 10.O-O-O g5 11.Bh2 Be7 12.Kb1 g4 13.hxg4 Nxg4 14.Bg3 Rdg8 15.Rh5 Rg7 16.d5
exd5 17.Nxd5 Rhg8 18.Qf5 Qxf5 19.Rxf5 Bd8 20.Kc1 Re8 21.Rd3 Nge5 22.Nxe5 Nxe5
23.Rd4 c6 24.Nc3 Bc7 25.Re4 Re6 26.Bxe5 Rxe5 27.Rexe5 dxe5 28.g3 Kd8 29.Rf6 Rh7
30.g4 Ke7 31.Rf5 Rg7 32.f3 Rg6 33.Ne4 b6 34.Kd2 Ke6 35.Kd3 Bd8 36.Rh5 Be7 37.Ng3
Bf8 38.Ke4 f6 39.Nf5 b5 40.Rh1 Kd7 41.Rd1+ Kc7 42.Ra1 a6 43.a4 Kb6 44.axb5 cxb5
45.c3 b4 46.cxb4 Bxb4 47.Rc1 Kb7 48.Rh1 Kc6 49.Rxh6 Rxh6 50.Nxh6 Be7 51.Ng8 Bd8
52.Kf5 Bb6 53.Nxf6 Bxe3 54.g5 Kc5 55.Ng4 Bd4 56.g6 e4 57.fxe4 1-0

[Event "2. Bundesliga West 2010/11"]
[Site "Jenbach"]
[Date "2010.10.16"]
[Round "2"]
[Board "3"]
[White "De, Francesco Klaus"]
[Black "Micheli, Carlo"]
[Result "1/2-1/2"]
[WhiteElo "2290"]
[BlackElo "2263"]
[PlyCount "60"]
[EventDate "2010.10.15"]
[EventType "team"]
[EventRounds "11"]
[EventCountry "AUT"]
[WhiteTeam "SC Absam"]
[BlackTeam "Sparkasse Jenbach 2"]

1.d4 d6 2.e4 Nf6 3.Nc3 a6 4.f4 b5 5.a3 Bb7 6.e5 dxe5 7.fxe5 Nd5 8.Nf3 e6 9.Ne4
Nd7 10.Bd3 h6 11.O-O Be7 12.c3 c5 13.Qe1 Qb6 14.Kh1 O-O-O 15.b3 f5 16.exf6 gxf6
17.c4 Nc7 18.Bd2 f5 19.dxc5 Bxc5 20.Nxc5 Nxc5 21.Bc2 Be4 22.Bxe4 fxe4 23.Ne5
Rhf8 24.Be3 Rf5 25.b4 Rxe5 26.bxc5 Qc6 27.cxb5 axb5 28.Rb1 Rf5 29.Qe2 Rd3
30.Bxh6 Rxc5 1/2-1/2

[Event "2. Bundesliga West 2010/11"]
[Site "Jenbach"]
[Date "2010.10.16"]
[Round "2"]
[Board "4"]
[White "Hoellrigl, Wilfried"]
[Black "Duer, Werner"]
[Result "1-0"]
[WhiteElo "2188"]
[BlackElo "2262"]
[PlyCount "81"]
[EventDate "2010.10.15"]
[EventType "team"]
[EventRounds "11"]
[EventCountry "AUT"]
[WhiteTeam "Sparkasse Jenbach 2"]
[BlackTeam "SC Absam"]

1.e4 c6 2.d4 d5 3.e5 Bf5 4.Nc3 Qb6 5.g4 Bd7 6.Na4 Qc7 7.Nc5 e6 8.Nxd7 Nxd7 9.Bd3
Ne7 10.Be3 c5 11.c3 Nc6 12.a3 c4 13.Bc2 Na5 14.f4 O-O-O 15.Nf3 g6 16.f5 gxf5
17.gxf5 exf5 18.Bxf5 Qb6 19.Rb1 Bh6 20.Bxh6 Qxh6 21.Qd2 Qh5 22.Qf4 Rhg8 23.Kf2
Nc6 24.Rbg1 Ne7 25.Bg4 Rxg4 26.Qxg4 Qh6 27.Qg5 Qe6 28.h4 Rf8 29.Qe3 f6 30.exf6
Qxf6 31.Ke2 Nf5 32.Qg5 Qe6+ 33.Kd2 Nd6 34.Qe3 Ne4+ 35.Kc1 Qf5 36.Ng5 Nf2 37.Rf1
h6 38.Ne6 Nd3+ 39.Kd2 Qxf1 40.Rxf1 Rxf1 41.Qg3 1-0

[Event "2. Bundesliga West 2010/11"]
[Site "Jenbach"]
[Date "2010.10.16"]
[Round "2"]
[Board "5"]
[White "Natter, Siegfried"]
[Black "Meier, Alexander"]
[Result "1-0"]
[WhiteElo "2245"]
[BlackElo "2154"]
[PlyCount "103"]
[EventDate "2010.10.15"]
[EventType "team"]
[EventRounds "11"]
[EventCountry "AUT"]
[WhiteTeam "SC Absam"]
[BlackTeam "Sparkasse Jenbach 2"]

1.e4 g6 2.d4 Bg7 3.Nc3 d6 4.Be3 a6 5.Qd2 b5 6.f3 Nd7 7.a4 b4 8.Nd1 Rb8 9.a5 Ngf6
10.Bh6 Bxh6 11.Qxh6 c5 12.d5 Ne5 13.Ne3 Rg8 14.Nh3 Kd7 15.Ng5 Kc7 16.f4 Neg4
17.Nxg4 Bxg4 18.Bxa6 Qf8 19.Qxf8 Rgxf8 20.Bd3 h6 21.Nf3 Nh5 22.O-O Nxf4 23.Bc4
Ra8 24.c3 bxc3 25.bxc3 Rfb8 26.Rf2 g5 27.a6 Bxf3 28.Rxf3 f6 29.Rff1 Rb2 30.Rf2
Rb6 31.Rfa2 Ra7 32.Ra5 Ng6 33.Bb5 Ne5 34.h3 h5 35.g3 Rb8 36.Kf2 Rh8 37.h4 gxh4
38.gxh4 Rg8 39.Be2 Rb8 40.Rb5 Rxb5 41.Bxb5 Ra8 42.Be2 Nd7 43.Bxh5 Rh8 44.Bf3 Nb6
45.h5 Kb8 46.a7+ Ka8 47.Bg4 f5 48.exf5 Rg8 49.Bf3 Rg5 50.h6 Rxf5 51.h7 Rf8
52.Rg1 1-0

[Event "2. Bundesliga West 2010/11"]
[Site "Jenbach"]
[Date "2010.10.16"]
[Round "2"]
[Board "6"]
[White "Heinrich, Thomas"]
[Black "Gerhold, Michael"]
[Result "1/2-1/2"]
[WhiteElo "2137"]
[BlackElo "2237"]
[PlyCount "66"]
[EventDate "2010.10.15"]
[EventType "team"]
[EventRounds "11"]
[EventCountry "AUT"]
[WhiteTeam "Sparkasse Jenbach 2"]
[BlackTeam "SC Absam"]

1.d4 d5 2.c4 e6 3.Nf3 c6 4.Bf4 dxc4 5.e3 b5 6.Ne5 Nf6 7.Be2 Bb7 8.O-O Nbd7 9.Nc3
Bb4 10.Bf3 Bxc3 11.bxc3 Nd5 12.Bxd5 Nxe5 13.Bxe5 Qxd5 14.Qg4 Rg8 15.e4 Qd7
16.Bg3 f6 17.a4 Qf7 18.d5 cxd5 19.exd5 Bxd5 20.axb5 Qb7 21.Rfe1 g6 22.Rxe6+ Kf7
23.Raa6 Rg7 24.Qe2 Qxb5 25.h4 Kg8 26.Rxf6 Re8 27.Qd2 Rge7 28.Rad6 Bf7 29.f3 Re2
30.Qc1 Qa4 31.Ra6 Qd7 32.Rad6 Qa4 33.Ra6 Qd7 1/2-1/2

[Event "2. Bundesliga West 2010/11"]
[Site "Hohenems"]
[Date "2010.10.16"]
[Round "2"]
[Board "1"]
[White "Atlas, Valery"]
[Black "Hommeles, Theo"]
[Result "1/2-1/2"]
[WhiteElo "2440"]
[BlackElo "2426"]
[PlyCount "120"]
[EventDate "2010.10.15"]
[EventType "team"]
[EventRounds "11"]
[EventCountry "AUT"]
[WhiteTeam "Hohenems II"]
[BlackTeam "Bregenz"]

1.e4 d6 2.d4 Nf6 3.Nc3 e5 4.Nge2 Nc6 5.h3 exd4 6.Nxd4 Be7 7.g3 O-O 8.Bg2 Nxd4
9.Qxd4 c6 10.Be3 Be6 11.O-O Qc8 12.g4 h5 13.f4 hxg4 14.f5 Bd7 15.Qd1 gxh3
16.Bxh3 Qc7 17.Kh1 Kh7 18.Bd4 Rh8 19.Qf3 Kg8 20.Rg1 c5 21.Nd5 Qd8 22.Bc3 Bc6
23.Rg2 Rh7 24.Rag1 Bxd5 25.exd5 Qd7 26.Rg5 Kh8 27.R1g3 b5 28.b3 b4 29.Bb2 Rg8
30.Kg1 Bd8 31.Bg2 Re8 32.Rh3 Qe7 33.Kh2 Qe3 34.Rgg3 Qxf3 35.Bxf3 Re1 36.Rxh7+
Kxh7 37.Rg1 Rxg1 38.Kxg1 Nd7 39.c4 Bg5 40.Bh5 Kg8 41.Kg2 a5 42.a4 Nf8 43.Bg4 Nh7
44.Kf3 Bh6 45.Ke2 Ng5 46.Kd3 Kf8 47.Bc1 Nh7 48.Bb2 Ke7 49.Bh5 Ng5 50.Bg4 Kf8
51.Bc1 Nh7 52.Bb2 Kg8 53.Bh5 Bf4 54.Ke4 Bh2 55.Kd3 Kf8 56.Bc1 Be5 57.Be3 Ke7
58.Bf2 Kf6 59.Bh4+ Kxf5 60.Bd8 g6 1/2-1/2

[Event "2. Bundesliga West 2010/11"]
[Site "Hohenems"]
[Date "2010.10.16"]
[Round "2"]
[Board "2"]
[White "Dobosz, Henryk"]
[Black "Gaertner, Guntram"]
[Result "1/2-1/2"]
[WhiteElo "2407"]
[BlackElo "2329"]
[PlyCount "75"]
[EventDate "2010.10.15"]
[EventType "team"]
[EventRounds "11"]
[EventCountry "AUT"]
[WhiteTeam "Bregenz"]
[BlackTeam "Hohenems II"]

1.d4 d5 2.c4 c6 3.Nc3 Nf6 4.Nf3 e6 5.Bg5 dxc4 6.a4 Bb4 7.e4 Bxc3+ 8.bxc3 Qa5
9.e5 Ne4 10.Bd2 Qd5 11.Be2 O-O 12.O-O c5 13.Ng5 Nxg5 14.Bxg5 cxd4 15.cxd4 Nc6
16.Be3 b6 17.Bf3 Qd7 18.Be4 Bb7 19.Qh5 g6 20.Qh4 f5 21.exf6 Nb4 22.f3 Bxe4
23.fxe4 Nc2 24.f7+ Rxf7 25.Rxf7 Qxf7 26.Rf1 Qg7 27.Bh6 Qxd4+ 28.Kh1 Ne3 29.Bxe3
Qxe3 30.Qf6 Qh6 31.Qxe6+ Kh8 32.Qxc4 Qg7 33.h3 Re8 34.Rf7 Qa1+ 35.Kh2 Qe5+
36.Kh1 Qa1+ 37.Kh2 Qe5+ 38.Kh1 1/2-1/2